000 00531nam a2200169 i 4500
001 141784
003 ES-MaACL
005 20230906200352.0
007 t|
008 070927s1970 sp ||||1| spa d
100 1 _aWagenbach, Klaus.
_9115828
245 1 0 _aFranz Kafka en testimonios personales y documentos gráficos /
_cKlaus Wagenbach ; [traductor: Federico Latorre].
260 _aMadrid :
_bAlianza,
_c[1970]
300 _a191 p. ;
_c18 cm.
700 1 _aLatorre, Federico.
_970529
852 _aES-MaACL
_jC-40562
_bR.73603
999 _c141784
_d141784